Normal view
MARC view
- Solomons, T. W. Graham.
Entry Personal Name
001 - CONTROL NUMBER
- control field: 10882
003 - CONTROL NUMBER IDENTIFIER
- control field: NUST
005 - DATE AND TIME OF LATEST TRANSACTION
- control field: 20180604064933.0
008 - FIXED-LENGTH DATA ELEMENTS
- fixed length control field: 180604|| aca||aabn | a|a d
040 ## - CATALOGING SOURCE
- Original cataloging agency: NUST
- Transcribing agency: NUST
100 ## - HEADING--PERSONAL NAME
- Personal name: Solomons, T. W. Graham.
670 ## - SOURCE DATA FOUND
- Source citation: Work cat.: (NUST)0: Solomons, T. W. Graham., Organic chemistry , c2011.
